Pokémon fusionnés avec Lanssorien - Statistiques

Statistiques générales
  • Ce quiz a été pris 103 fois
  • Le résultat moyen est 12 sur 16
Statistiques - réponses
Par images Réponse % Correct
Scarhino
99%
Papilusion
98%
Lainergie
94%
Tentacool
94%
Granivol
88%
Sucroquin
85%
Ponchien
80%
Desséliande
79%
Sablaireau
79%
Crabagarre
78%
Bombydou
71%
Méios
70%
Gamblast
69%
Mélancolux
57%
Crocorible
55%
Braisillon
53%
Aucun quiz correspondant
Distribution des résultats
% des personnes avec chaque résultat
Percentile par nombre de réponses
Votre historique - résultats
Vous n’avez pas pris ce quiz